| 000 | 00670nam a22002177a 4500 | ||
|---|---|---|---|
| 003 | BUBTL | ||
| 008 | 230104b ||||| |||| 00| 0 eng d | ||
| 020 | _a9789849433491 | ||
| 082 | _a340.072073/ H7949l/ 2020 | ||
| 100 |
_95137 _aHossain, Md. Milan |
||
| 245 |
_aLegal Research and Writings / _cMd. Milan Hossain |
||
| 250 | _a1st Edn. | ||
| 260 |
_aDhaka: _bSufi Prokashoni, _cc2020 |
||
| 300 |
_axiv, 190 p.: _c23 cm. |
||
| 500 | _aIncludes bibliographical references | ||
| 505 | _aLaw, Legal Research and Writings , Legal Research, Md. Milan Hossain | ||
| 650 | 0 |
_926 _aLaw |
|
| 856 |
_k0 _l0 _yDownload |
||
| 942 |
_2ddc _cBK |
||
| 999 |
_c6897 _d6897 |
||